| 000 | 01886nab a2200289 a 4500 | ||
|---|---|---|---|
| 005 | 20260225064012.0 | ||
| 008 | 991125s2016 mx tr p o 000 0 spa d | ||
| 035 | _aUPN01000215578 | ||
| 040 |
_aUPN _bspa _cUPN _eaacr2 |
||
| 049 | _aART | ||
| 100 | 1 | _aRuiz González Celis, Ana Paola | |
| 100 | 1 | _upsic.paolaruizgc@gmail.com | |
| 100 | 1 | _aTurnbull Plaza, Bernardo Emilio | |
| 100 | 1 | _aCruz del Castillo, Cinthia | |
| 245 | 1 | 0 | _aConstrucción del concepto de empoderamiento en el hogar en un grupo de mujeres del Estado de México (México) |
| 506 | 0 | _aAcceso abierto | |
| 520 | 3 | _aSe ha visto que el empoderamiento en las mujeres es una clave importante para lograr el cuidado de su salud y la protección, que representa cosas distintas para diferentes mujeres, y que estas relaciones de poder cambian según su contexto. En la presente investigación se construye el concepto de empoderamiento desde un contexto familiar cerrado a lo íntimo de la pareja, y a partir de aquí se analiza cómo la mujer se desenvuelve en las diversas situaciones que implican una toma de poder. Se entrevistó a cinco mujeres y se utilizó el método fenomenológico para analizar el discurso y construir el concepto. De acuerdo a los resultados, el citado concepto implica varias categorías y subcategorías, como toma de decisiones, movilidad, jerarquías y redes de apoyo. Es, en resumen, una primera aproximación al concepto y servirá para comenzar a detectar y generar estrategias para fortalecer a la mujer. | |
| 650 | 4 |
_aHogar _923810 |
|
| 650 | 2 |
_aMujeres _97160 |
|
| 650 | 4 |
_aFenomenología _97867 |
|
| 653 | 0 | _aEmpoderamiento | |
| 773 |
_gVol. 21, no. 2 (2016), p. 153-160 _tEnseñanza e investigación en psicología _x2683-2046 |
||
| 856 | 4 | _uhttps://www.redalyc.org/pdf/292/29248181005.pdf | |
| 902 | _aGloria Jiménez/250225 | ||
| 905 | _aArticulo | ||
| 942 | _cART-E | ||
| 999 |
_c187678 _d187678 |
||